000 01218cam a2200169 4500500
005 20260329005831.0
041 _afre
042 _adc
100 1 0 _aBureau, Dominique
_eauthor
245 0 0 _aIntroduction
260 _c2005.
500 _a24
520 _aLa pandémie a donné un coup d’accélérateur à un phénomène amorcé il y a une vingtaine d’années et qui a subrepticement irrigué toute l’économie : les normes comptables ne sont plus adaptées à la nature des investissements des entreprises et le principe de précaution qui s’applique dans la réglementation comptable a donné lieu à une inflation des normes. Quelles en sont les conséquences pour les investisseurs ?
520 _aThe pandemic is accelerating a twenty year phenomenon: accounting standards are no longer adequate to describe investment behaviors. Moreover, the Precautionary Principle has resulted in an inflation of accounting standards. In the context of the pandemic, what are the consequences for investors?
786 0 _nÉconomie & prévision | 167 | 1 | 2005-03-01 | p. 1-2 | 0249-4744
856 4 1 _uhttps://shs.cairn.info/revue-economie-et-prevision-1-2005-1-page-1?lang=fr&redirect-ssocas=7080
999 _c1847099
_d1847099